000 00470pab a2200169 454500
008 180718b2012 xxu||||| |||| 00| 0 eng d
100 _aSingh, Gian
245 _aIndebtedness among marginal and small farmers in rural Punjab: Inter-district analysis
260 _c2012
300 _ap.154-176.
650 _aFarmers - India - Punjab
650 _aFarmers
700 _aKaur, Sukhvir
773 _aResearch Journal Social Sciences
908 _aN
909 _a99649
999 _c99648
_d99648